Giáo trình vật liệu và công nghệ cơ khí : Sách dùng cho các trường đào tạo hệ trung học chuyên nghiệp

Trình bày quá trình công nghệ sản xuất cơ khí, vật liệu dùng trong công nghệ cơ khí, công nghệ chế tạo phôi, công nghệ bề mặt, công nghệ gia công cắt gọt, chỉ tiêu đánh giá về kinh tế, kĩ thuật...

Πλήρης περιγραφή

Αποθηκεύτηκε σε:
Λεπτομέρειες βιβλιογραφικής εγγραφής
Κύριος συγγραφέας: Hoàng, Tùng
Μορφή: Βιβλίο
Γλώσσα:Undetermined
Έκδοση: Hà Nội Giáo dục 2004
Θέματα:
Ετικέτες: Προσθήκη ετικέτας
Δεν υπάρχουν, Καταχωρήστε ετικέτα πρώτοι!
Thư viện lưu trữ: Trung tâm Học liệu Trường Đại học Cần Thơ
LEADER 00976nam a2200217Ia 4500
001 CTU_101466
008 210402s9999 xx 000 0 und d
020 |c 13200 
082 |a 620.1 
082 |b T513 
100 |a Hoàng, Tùng 
245 0 |a Giáo trình vật liệu và công nghệ cơ khí : 
245 0 |b Sách dùng cho các trường đào tạo hệ trung học chuyên nghiệp 
245 0 |c Hoàng Tùng 
260 |a Hà Nội 
260 |b Giáo dục 
260 |c 2004 
520 |a Trình bày quá trình công nghệ sản xuất cơ khí, vật liệu dùng trong công nghệ cơ khí, công nghệ chế tạo phôi, công nghệ bề mặt, công nghệ gia công cắt gọt, chỉ tiêu đánh giá về kinh tế, kĩ thuật 
650 |a Materials science,Mechanical engineering 
904 |i Minh 
980 |a Trung tâm Học liệu Trường Đại học Cần Thơ